Agroparque Lomachata, Donde te Reencontraras, Garzon, Alma del Huila, Comunión del Espíritu con la Naturaleza : (Registro nro. 8938)

Detalles MARC
000 -CABECERA
Campo de control 01209 a2200253 4500
005 - FECHA Y HORA DE LA ULTIMA TRANSACCION
Campo de control 20200104041631.0
008 - ELEMENTOS DE LONGITUD FIJA—INFORMACION GENERAL
Campo de control 150108b xxu||||| |||| 00| 0 spa d
040 ## - FUENTE DE CATALOGACIÓN
Agencia catalogadora original CO-BoIAVH
Agencia transcriptora CO-BoIAVH
041 ## - IDIOMA
Código de idioma para texto/pista de sonido o título separado Español
090 ## - CLASIFICACIÓN LOCAL
Colección IAVH
Consecutivo 01326
100 ## - ASIENTO PRINCIPAL--NOMBRE PERSONAL
Nombre personal Guerra Gutierrez , Jairo Miguel
245 ## - MENCION DE TITULO
Título Agroparque Lomachata, Donde te Reencontraras, Garzon, Alma del Huila, Comunión del Espíritu con la Naturaleza :
Parte restante del título Plan de Negocios, Parque Agroturistico , Lomachata
260 ## - PUBLICACION, DISTRIBUCION, ETC. (PIE DE IMPRENTA)
Lugar de publicación, distribución, etc. Neiva, Huila
Nombre del editor, distribuidor, etc. Institituto Alexander Von Humboldt
-- Corporación Autonoma Regional del Alto Magdalena CAM
Fecha de publicación, distribución, etc. 2009
300 ## - DESCRIPCION FISICA
Extensión 69 p.
500 ## - NOTA GENERAL
Nota general Convenio 08-230 Instituto Humboldt y la Corporación Autónoma Regional del Alto Magdalena CAM
650 ## - ASIENTO SECUNDARIO DE MATERIA - TERMINO TEMATICO
Término temático o nombre geográfico como elemento de entrada Comercialización de productos
650 ## - ASIENTO SECUNDARIO DE MATERIA - TERMINO TEMATICO
Término temático o nombre geográfico como elemento de entrada Biocomercio
650 ## - ASIENTO SECUNDARIO DE MATERIA - TERMINO TEMATICO
Término temático o nombre geográfico como elemento de entrada Ecoturismo
650 ## - ASIENTO SECUNDARIO DE MATERIA - TERMINO TEMATICO
Término temático o nombre geográfico como elemento de entrada Conservación de biodiversidad
651 ## - ASIENTO SECUNDARIO DE MATERIA - NOMBRE GEOGRAFICO
Nombre geográfico Colombia
662 ## - ASIENTO SECUNDARIO DE MATERIA - JERARQUIA DEL NOMBRE DE LUGAR(
País o entidad mayor Colombia
773 0# - Item fuente:
Asiento principal Guerra Gutierrez , Jairo Miguel
Lugar, editorial y fecha de publicación Bogot Ìnstitituto Alexander Von Humboldt Corporacin̤ Autonoma Regional del Alto Magdalena CAM 2009
Título Estrategias para el fortalecimiento del Biocomercio en el departamento del Huila
942 ## - ELEMENTOS ADICIONALES (KOHA)
Sistema de clasificación Local
Tipo de ítem Informe Técnico
Existencias
Withdrawn status Lost status Sistema de Clasificación Damaged status No para préstamo Inventariado Ubicación Permanente Ubicación actual Fecha de adquisición Total Checkouts Número topográfico Inventario / Código de Barras Date last seen Ejemplar Price effective from Forma de adquisición Tipo de material Public note
    Local     Inventariado 2017 Bogotá Bogotá 08/01/2015   IAVH-01326 027074 09/08/2024 Ej.1 08/01/2015 Institucional Informe Técnico Anexo 6